| 000 | 01127cam a22003015a 4500 | ||
|---|---|---|---|
| 999 |
_c26941 _d26913 |
||
| 001 | 017728064 | ||
| 003 | Uk | ||
| 005 | 20181103151858.0 | ||
| 008 | 160126t2017 mau frb 000 0 eng d | ||
| 015 |
_aGBB618401 _2bnb |
||
| 016 | 7 |
_a017728064 _2Uk |
|
| 020 | _a9781305639034 (pbk.) | ||
| 040 |
_aStDuBDS _beng _cStDuBDS _dUk _dEG-ScBUE |
||
| 082 | 0 | 4 |
_a350 _bSHA _222 |
| 100 | 1 | _aShafritz, Jay M. | |
| 245 | 0 | 0 |
_aClassics of public administration / _cJay M. Shafritz, Albert C. Hyde. |
| 250 | _a8th ed. | ||
| 260 |
_aBoston : _bCengage Learning, _cc.2017. |
||
| 300 |
_ax, 627 p. ; _c24 cm. |
||
| 504 | _aIncludes bibliographical references. | ||
| 520 | _aIntroduces the principles of public administration with 59 writings in the field. New to this edition is a new section dedicated to 21st century thinking -- addressing bureaucracy, organization theory, human resources management, the budgetary process, and public policy. | ||
| 650 | 7 |
_aPublic administration. _2BUEsh |
|
| 651 | _2BUEsh | ||
| 653 |
_bBUSBOL _bBUSADM _cNovember2018 |
||
| 655 | _vText book | ||
| 700 | 1 | 0 |
_aHyde, Albert C., _d1946- |
| 942 | _2ddc | ||